Largest Countries By Last Letter A-Z - Statistics

General Stats
  • This quiz has been taken 136 times
  • The average score is 8 of 18
Answer Stats
Letter Size (sq km) Country % Correct
A 17 m Russia
99%
L 8.5 m Brazil
84%
Q 0.4 m Iraq
65%
S 9.8 m United States
65%
N 2.7 m Kazakhstan
64%
O 2.2 m D.R.Congo
52%
U 1.3 m Peru
47%
T 1 m Egypt
45%
Y 0.8 m Turkey
43%
D 1.3 m Chad
41%
K 43,000 Denmark
33%
M 0.3 m Vietnam
32%
R 1.2 m Niger
28%
I 1.2 m Mali
25%
H 0.1 m Bangladesh
22%
E 0.8 m Mozambique
20%
G 2,500 Luxembourg
18%
C 0.6 m Central African Republic
15%
No matching quizzes found
Score Distribution
Percent of People with Each Score
Percentile by Number Answered
Your Score History
You have not taken this quiz